000
00256nam a2200097Ia 4500
001
704129
005
20250826162405.0
008
250824s9999 xx 000 0 und d
245
0
_a
ŞİRİN GALATA KULESİNDE
_c
BİRSEN EKİM ÖZEN
260
_b
TİMAŞ YAYINLARI
999
_c
704129
_d
704129